Statistics for Pictures by Letter - R

Click here to take the quiz!

General Stats

  • This quiz has been taken 11,204 times
  • The average score is 12 of 16

Answer Stats

Answer % Correct
Rugby
97%
Ruby
96%
Rio
96%
Rihanna
94%
Recycling
92%
Radiation
89%
Rattlesnake
87%
Roulette
86%
Rhubarb
73%
Rosary
69%
Ruble
65%
Roman
65%
Rembrandt
56%
Rotary
49%
Rorschach
43%
Rune
33%

Score Distribution

Percentile by Number Answered

Percent of People with Each Score

Your Score History

You have not taken this quiz